| 000 | 01140nam a2200289Ia 4500 | ||
|---|---|---|---|
| 005 | 20170612114524.0 | ||
| 010 | _aBAC-EN21 ENG-111789 | ||
| 020 |
_a9788126537075 _c749.00 |
||
| 020 |
_a9788126537075 _c839.00 (AV) |
||
| 035 | _aEN-95321 | ||
| 035 | _aB-584560-585 | ||
| 035 | _aB-669652 | ||
| 037 |
_bAsian Book Centre/Ven _adpl |
||
| 037 | _bDBAD/PUB | ||
| 082 | _a519.502465 | ||
| 100 | _aBlack, Ken | ||
| 245 |
_aApplied business statistics : _bmaking better business decisions international student version / _cby Ken Black |
||
| 250 | _a7th ed International student version | ||
| 260 |
_c2014(repr.) _aNew Delhi _bJohn Wiley |
||
| 270 |
_a4435-36/7,Ansari Road,Daryaganj _bNew Delhi _e110002 |
||
| 300 |
_c25cm(pbk) _axxii,850p. : _bill. |
||
| 500 | _aIncludes index | ||
| 650 | _aCommercial statistics. | ||
| 942 |
_cEN _2ddc _mBLA _h519.502465 |
||
| 999 |
_c88030 _d88030 |
||